[Event "Titled Tue 3rd Dec Early"]
[Site "chess.com INT"]
[Date "2024.12.03"]
[Round "6"]
[White "Andreikin, D."]
[Black "Kramnik, V."]
[Result "1/2-1/2"]
[WhiteElo "2695"]
[BlackElo "2753"]
[PlyCount "93"]
[EventDate "2024.12.03"]

1. d4 Nf6 2. c4 e6 3. Nf3 d5 4. Bg5 dxc4 5. e4 b5 6. a4 c6 7. Nc3 b4 8. Nb1 Be7 9. Bxf6 Bxf6 10. Bxc4 O-O 11. O-O Bb7 12. e5 Be7 13. Nbd2 ({RR} 13. Qe2 c5 14. Rd1 cxd4 15. Nxd4 Qc7 16. Nd2 Nc6 17. Nxc6 Qxc6 18. Nf3 Rfd8 19. Bb5 Qc7 20. h3 g6 21. Rac1 Qb6 22. b3 Rac8 23. Bc4 Kg7 24. Rxd8 Rxd8 25. Rd1 Rxd1+ 26. Qxd1 Bc5 27. Qd2 Qc7 {Andreikin,D (2729)-Lazavik,D (2560) chess.com INT 2023 ½-½ (35)}) 13... c5 14. dxc5 ({RR} 14. Nb3 Nd7 15. Qe2 Bxf3 16. Qxf3 cxd4 17. Rfe1 Qc7 18. Rac1 Nxe5 19. Qg3 Bd6 20. Bd5 Nc6 21. Rxc6 Bxg3 22. Rxc7 Bxc7 23. Bxa8 Rxa8 24. Nxd4 Rd8 25. Nc6 Rd2 26. Rb1 a5 27. Rc1 Kf8 28. b3 Bb6 {Livaic,L (2550)-Deac,B (2674) chess.com INT 2025 0-1 (58)}) 14... Nd7 15. Nb3 Rc8 $146 ({RR} 15... Nxc5 16. Nxc5 Bxc5 17. Qe2 Bxf3 18. Qxf3 Bd4 19. Rad1 Qb6 20. Qe2 Qc5 21. b3 Qxe5 22. Qf3 Rfd8 23. g3 Qf6 24. Qb7 a5 25. Kg2 Rab8 26. Qe4 g6 27. Rd3 Qe5 28. Qf3 Rd6 29. h4 Rbd8 30. Rfd1 {Livaic,L (2561)-Deac,B (2690) chess.com INT 2024 ½-½ (46)}) 16. Qe2 Bxc5 17. Rad1 Qe7 18. Rfe1 Rfd8 19. Ba6 Bxf3 20. Qxf3 Rc7 21. Bb5 Nf8 22. Na5 Rxd1 23. Rxd1 Qg5 24. Nc6 h5 25. g3 Rd7 26. Rxd7 Nxd7 27. Qf4 Qxf4 28. gxf4 Nf8 29. Kg2 Ng6 30. Kg3 Ne7 31. Nxe7+ Bxe7 32. b3 g6 33. h3 Bc5 34. Kf3 Kf8 35. Kg3 Ke7 36. Kf3 Bd4 37. Kg3 f6 38. exf6+ Kxf6 39. Kf3 Bb6 40. Bc4 e5 41. fxe5+ Kxe5 42. Bf7 Kf6 43. Be8 Kf5 44. Bd7+ Kf6 45. Be8 Kf5 46. Bd7+ Kf6 47. Be8 1/2-1/2

[Event "FIDE Grand Swiss 2023"]
[Site "Douglas IOM"]
[Date "2023.10.30"]
[Round "6.30"]
[White "Tabatabaei, M."]
[Black "Durarbayli, Vasif"]
[Result "1/2-1/2"]
[WhiteElo "2685"]
[BlackElo "2625"]
[PlyCount "93"]
[EventDate "2023.10.25"]

1. d4 {Marin,Mihail} d5 2. c4 e6 3. Nf3 Nf6 4. g3 Bb4+ 5. Bd2 Be7 6. Bg2 O-O 7. O-O Nbd7 8. Qc2 c6 9. a4 a5 10. Rc1 ({RR} 10. Na3 Ne4 11. Be3 f5 12. Ne1 g5 13. f3 Nd6 14. Nd3) ({RR} 10. Rd1 Ne4 11. Be1 f5 12. Nfd2 Ndf6 13. Nxe4 Nxe4 14. Nd2 Bd6 15. Nxe4 fxe4 16. f3 exf3 17. exf3 e5 18. cxd5 cxd5 19. dxe5 Bxe5 20. f4) 10... Ne4 ({RR} 10... h6 11. Be1 b6 ({RR} 11... Re8 12. Nbd2) 12. cxd5 cxd5 13. Nc3 Bb7 14. Nb5 Rc8 15. Qd1 Rxc1 16. Rxc1 Qb8 17. Bd2 Rc8 18. Bf4 Rxc1 19. Qxc1 Qc8 20. Qxc8+ Bxc8 21. Ne5 Nxe5 22. Bxe5 Ne8 23. e3 Bd7) 11. Ne1 ({RR} 11. Be1 f5 12. Nbd2 Bd6 13. e3 Ra7 ({RR} 13... b6 14. cxd5 cxd5 15. Qc6 Ba6 16. Nxe4 fxe4 17. Qxd6 exf3 18. Bh3) ({RR} 13... g5 14. Nb3 ({RR} 14. Nxe4 fxe4 15. Nd2 g4 16. Nb3 Bc7) 14... g4 ({RR} 14... b6 15. cxd5 cxd5 16. Nxg5 Qxg5 17. Bxe4 fxe4 18. Qc6) ({RR} 14... f4 15. exf4 gxf4 16. Qe2) ({RR} 14... Bc7 15. Nfd2 Qf6 16. f4 Kh8) 15. Nfd2 Ng5) 14. Qd1 b6 15. cxd5 cxd5 16. Nb1 Ba6 ({RR} 16... Nb8 17. Na3 Na6 18. Nb5 Ra8 19. Nxd6 Qxd6 20. Ne5) 17. Na3 Qa8 ({RR} 17... Bxa3 18. Rxa3 Rc7) ({RR} 17... Qb8 18. Nb5 Bxb5 19. axb5 Rc8 20. Qa4 ({RR} 20. Bf1 Rac7) 20... Rac7 21. Rc6 Qb7 22. Bf1 Nb8 ({RR} 22... Rxc6 23. bxc6 Rxc6 24. Ba6 Qc7 25. Bb5) 23. Rxc7 Qxc7 24. b4 axb4 25. Bxb4 Nd7 26. Ne1) 18. Nb5 Bxb5 19. axb5 Rc8 20. Bf1 ({RR} 20. Rxc8+ Qxc8 21. b4 a4 22. Rxa4 ({RR} 22. Ra3 Qa8 23. Qa1 g5) 22... Rxa4 23. Qxa4 Qc1) 20... Rxc1 ({RR} 20... Rac7 21. Rxc7 Rxc7 22. b4) 21. Rxc1 Rc7 22. Rxc7 Bxc7 23. Qa4 Qb8 ({RR} 23... g5 24. b4 g4 25. Nd2 Nxd2 26. Bxd2 Qd8 27. bxa5 bxa5 28. Bd3) 24. b4 axb4 25. Bxb4 h6 {Carlsen,M (2851)-Eljanov,P (2765) Stavanger 2016 CBM 172 [Marin,Mihail] 1-0 (35)} ({RR} 25... g5 26. Qc2 Bd6 27. Qc6 Ndf6 28. Bxd6 Qxd6 29. Nxg5 Qxc6 30. bxc6 Nxg5 31. c7) ({RR} 25... Bd6 26. Bxd6 Qxd6 ({RR} 26... Nxd6 27. Qc2) 27. Qa8+ Kf7 28. Qc6)) 11... Nd6 12. c5 Nf5 13. Nf3 $146 ({RR} 13. e3 b6 14. cxb6 Bb7 15. Nd3 Qxb6 16. Bc3 c5 17. dxc5 Nxc5 18. Nxc5 Bxc5 19. Bxg7 Rfc8 20. Bc3 Nxe3 21. Qe2 Nxg2 22. Qg4+ Kf8 23. Bg7+ Ke8 24. Bh6 Be3 25. Rxc8+ Rxc8 26. fxe3 Qxb2 27. Nd2 Qxa1+ {Agibileg,U (2452)-Tsydypov,Z (2507) Ulaanbaatar MGL 2026 0-1}) 13... b6 14. cxb6 Bb7 15. g4 Nh4 16. Nxh4 Bxh4 17. Ra3 f5 18. gxf5 Rxf5 19. Rf3 Rxf3 20. Bxf3 Qxb6 21. Be3 Bf6 22. Nd2 Bxd4 23. Nc4 dxc4 24. Bxd4 c5 25. Bxb7 Qxb7 26. Be3 Rf8 27. Rd1 Rf6 28. f3 h6 29. Qxc4 Ne5 30. Qc2 Rg6+ 31. Kf1 Kh7 32. h4 h5 33. Qxc5 Qxb2 34. Bf4 Nf7 35. Qxh5+ Nh6 36. Qxa5 Nf5 37. h5 Rf6 38. Qd2 Qb3 39. Ra1 Qc4 40. Bg5 Ng3+ 41. Kg2 Ne4 42. fxe4 Qxe4+ 43. Kh3 Qf5+ 44. Kh4 Qf2+ 45. Kh3 Qf5+ 46. Kh4 Qe4+ 47. Kh3 1/2-1/2

[Event "ESP-chT CECLUB Honor"]
[Site "Linares"]
[Date "2019.10.03"]
[Round "4.3"]
[White "Bacrot, Etienne"]
[Black "Ivanchuk, Vassily"]
[Result "1-0"]
[WhiteElo "2671"]
[BlackElo "2686"]
[PlyCount "93"]
[EventDate "2019.09.30"]
[EventType "team-tourn"]
[EventRounds "7"]
[EventCountry "ESP"]
[SourceTitle "EXT 2020"]
[Source "ChessBase"]
[SourceDate "2019.10.17"]
[SourceVersion "1"]
[SourceVersionDate "2019.10.17"]
[SourceQuality "1"]
[WhiteTeam "Taldea Gros Xake"]
[BlackTeam "Beniajan Duochess CAC"]
[WhiteTeamCountry "ESP"]
[BlackTeamCountry "ESP"]

1. c4 Nf6 2. d4 e6 3. Nf3 d5 4. e3 Nbd7 5. b3 c5 6. Bd3 b6 7. O-O Bb7 8. cxd5 Nxd5 9. Bb2 Be7 10. dxc5 Bf6 $146 ({RR} 10... Nxc5 11. Bxg7 Rg8 12. Bb5+ Nd7 13. Be5 a6 14. Bxd7+ Qxd7 15. Nbd2 f6 16. Bg3 Nc3 17. Qe1 e5 18. e4 Qd3 19. Nc4 b5 20. Nb6 Rd8 21. Nd5 Nxd5 22. exd5 Bxd5 23. Rd1 Qe4 24. Qa5 Bb7 25. Qb6 {Richter,N (2381)-Sarkar,J (2314) Chess.com INT 2022 1-0 (56)}) ({RR} 10... Nxc5 11. Bxg7 Rg8 12. Bb5+ Nd7 13. Be5 a6 14. Bxd7+ Qxd7 15. Nbd2 f6 16. Bg3 Nc3 17. Qe1 e5 18. e4 Qd3 19. Nc4 b5 20. Nb6 Rd8 21. Nd5 Nxd5 22. exd5 Bxd5 23. Rd1 Qe4 24. Qa5 Bb7 25. Qb6 {Richter,N (2381)-Sarkar,J (2314) Chess.com INT 2022 1-0 (56)}) 11. Qe2 Nxc5 12. Bb5+ Kf8 13. Rd1 Bxb2 14. Qxb2 Qf6 15. Ne5 Qg5 16. Bc6 Bxc6 17. Nxc6 Qf6 18. Ne5 Kg8 19. Nd2 h5 20. Qd4 h4 21. h3 Rh5 22. Ndf3 Qf5 23. Rac1 Qe4 24. Qb2 f6 25. Rc4 Qh7 26. Nc6 a5 27. Nfd4 Kh8 28. Qe2 Re8 29. Qf3 Ne4 30. Nb5 Nc5 31. e4 Nb4 32. Nxb4 axb4 33. Nd6 Rf8 34. Rxb4 Nd7 35. Nc4 Ne5 36. Nxe5 Rxe5 37. a4 Qg6 38. Rxb6 Rxe4 39. a5 f5 40. a6 Kh7 41. a7 Ra8 42. Rb7 Kh6 43. Qc3 Re2 44. Rb8 Rxa7 45. Rh8+ Kg5 46. f4+ Kxf4 47. Qf3+ 1-0

[Event "Titled Tue 12th May 2026"]
[Site "chess.com INT"]
[Date "2026.05.12"]
[Round "5"]
[White "Erigaisi, Arjun"]
[Black "Svane, Frederik"]
[Result "1-0"]
[WhiteElo "2751"]
[BlackElo "2645"]
[PlyCount "93"]
[EventDate "2026.05.12"]

1. d4 d5 2. c4 e6 3. Nf3 Nf6 4. e3 Bd6 5. b3 O-O 6. Bb2 b6 7. Bd3 Bb7 8. O-O Nbd7 9. Nc3 a6 10. Re1 Ne4 ({RR} 10... c5 11. cxd5 Nxd5 12. Nxd5 Bxd5 13. Bc2 f5 14. e4 fxe4 15. Bxe4 Nf6 16. Bxd5 exd5 17. Qd3 Ne4 18. Rad1 Kh8 19. dxc5 Bxc5 20. Re2 Qc7 21. Nd4 Nxf2 22. Rxf2 Rxf2 23. Kxf2 Qxh2 24. Qh3 Rf8+ 25. Ke2 {Erigaisi,A (2776)-Nakamura,H (2807) Riyadh KSA 2025 1-0 (33)}) 11. Ne2 Re8 $146 ({RR} 11... Qe7 12. Ng3 f5 13. Rc1 dxc4 14. bxc4 Rad8 15. Qe2 Ndf6 16. d5 Nc5 17. Bc2 g6 18. dxe6 Qxe6 19. Ng5 Qe7 20. Red1 Ng4 21. Nf3 Ne4 22. c5 Nxc5 23. Qc4+ Qf7 24. Qc3 Qf6 25. Qc4+ Qf7 26. Qc3 {Petraki,M (2040)-Grosar,A (2470) Katerini 1993 0-1 (36)}) ({RR} 11... f5 12. Nf4 Qe7 13. Bf1 g5 14. Nd3 dxc4 15. bxc4 c5 16. Nfe5 Rad8 17. f3 Nef6 18. Qb3 g4 19. Be2 cxd4 20. exd4 Nxe5 21. dxe5 Bc5+ 22. Nxc5 Qxc5+ 23. Kh1 gxf3 24. Bxf3 Ng4 25. Re2 Rf7 26. Rf1 {Erigaisi,A (2761)-Xiong,J (2656) chess.com INT 2026 1-0 (38)}) 12. Nf4 dxc4 13. Bxc4 b5 14. Bd3 c5 15. Qc2 Nef6 16. dxc5 Nxc5 17. Rad1 Nxd3 18. Nxd3 Qe7 19. Nfe5 Rac8 20. Qe2 Ne4 21. f3 Nc3 22. Bxc3 Rxc3 23. Rc1 Rec8 24. Qd2 Rxc1 25. Rxc1 Rxc1+ 26. Qxc1 h5 27. Qc3 Qc7 28. Qxc7 Bxc7 29. Nc5 Bc8 30. Nc6 Bd6 31. b4 h4 32. Na7 Bb7 33. Nxb7 Bxb4 34. Kf2 Kf8 35. Nc6 Bc3 36. Nc5 a5 37. Ne4 Bb2 38. Nxa5 f5 39. Ng5 Ke7 40. f4 Kd6 41. Ke2 Kd5 42. Nf3 Bc3 43. Nb3 Kc4 44. Nfd4 Kb4 45. Kd3 Bb2 46. Kc2 Bc3 47. Nxe6 1-0

[Event "chess.com SpeedChess 2025"]
[Site "chess.com INT"]
[Date "2025.10.15"]
[Round "1.20"]
[White "Lazavik, Denis"]
[Black "Erigaisi, Arjun"]
[Result "1-0"]
[WhiteElo "2605"]
[BlackElo "2773"]
[PlyCount "93"]
[EventDate "2025.10.13"]
[EventType "k.o."]

1. d4 e6 2. c4 d5 3. Nf3 Nd7 4. Nc3 Ngf6 5. cxd5 exd5 6. Bg5 Bb4 7. e3 c5 8. Bd3 c4 9. Bf5 Qa5 10. Qc2 O-O 11. O-O Re8 12. Nd2 h6 13. Bh4 Qa6 14. a4 ({RR} 14. Rfe1 Qc6 15. e4 dxe4 16. Ndxe4 g5 17. Bg3 Kg7 18. Nxf6 Nxf6 19. Be5 Bxc3 20. bxc3 Kf8 21. Re3 Nd5 22. Rf3 Be6 23. Be4 Ke7 24. Rf6 Rh8 25. Rb1 Kd7 26. Rxe6 fxe6 27. Bxh8 Rxh8 28. Bxd5 exd5 {Gukesh,D (2758)-Erigaisi,A (2712) Kolkata IND 2023 0-1 (57)}) 14... Qc6 15. Rac1 $146 ({RR} 15. Bxd7 Bxd7 16. Bxf6 Bxc3 17. bxc3 Qxf6 18. e4 Qg6 19. f3 Re7 20. Qb1 Rae8 21. e5 Bf5 22. Qb5 Qc6 23. Rf2 f6 24. f4 a6 25. Qb4 b6 26. a5 Rb7 27. Qa4 Qxa4 28. Rxa4 Reb8 29. h3 Bc2 {Wemmers,X (2316)-Godart,F (2385) Belgium BEL 2025 1-0 (49)}) ({RR} 15. Qb1 g6 16. Bxg6 Bxc3 17. bxc3 fxg6 18. Qxg6+ Kh8 19. Qxh6+ Nh7 20. Qh5 Re6 21. Bg3 Rh6 22. Qe2 Ndf6 23. Be5 Bf5 24. e4 Bxe4 25. Nxe4 dxe4 26. f3 exf3 27. Rxf3 Rg6 28. Raf1 Kg8 29. h4 Rf8 {Hrbek,S (2454)-Tudor,H (2434) Wijk aan Zee NED 2026 0-1 (68)}) 15... a6 16. Na2 Bxd2 17. Qxd2 Qxa4 18. Nc3 Qc6 19. f3 b5 20. e4 Nb6 21. Bxc8 Raxc8 22. e5 Nfd7 23. f4 b4 24. Ne2 a5 25. f5 f6 26. e6 Nf8 27. Nf4 Nh7 28. Nh5 c3 29. bxc3 bxc3 30. Qe3 Kh8 31. Qg3 Qc7 32. Rxc3 Qxg3 33. Rxg3 Re7 34. Nf4 Ra7 35. Rb3 Nc4 36. Rc3 a4 37. Nxd5 a3 38. Ra1 a2 39. e7 Raa8 40. e8=Q+ Rxe8 41. Rxc4 Re4 42. Bf2 Ng5 43. Nc3 Re7 44. Rxa2 Rxa2 45. Nxa2 Ra7 46. Rc2 Ne4 47. g3 1-0

[Event "8th Sharjah Masters 2025"]
[Site "Sharjah UAE"]
[Date "2025.05.24"]
[Round "8.2"]
[White "Indjic, A."]
[Black "Sargsyan, Shant"]
[Result "1/2-1/2"]
[WhiteElo "2637"]
[BlackElo "2666"]
[PlyCount "91"]
[EventDate "2025.05.17"]

1. d4 Nf6 2. c4 e6 3. Nf3 d5 4. Bg5 Be7 5. e3 h6 6. Bxf6 Bxf6 7. Qc2 O-O 8. h4 g6 9. Nc3 c5 10. dxc5 dxc4 11. Bxc4 Qa5 12. O-O-O Bxc3 13. Qxc3 Qxc3+ 14. bxc3 Nd7 15. c6 bxc6 16. Kc2 $146 ({RR} 16. Rd6 Nb6 17. Bb3 Bb7 18. Rhd1 c5 19. Ne5 c4 20. Bc2 Rac8 21. e4 Rc5 22. Nd7 Nxd7 23. Rxd7 Bc8 24. Rxa7 Kg7 25. Rd4 e5 26. Rd6 Re8 27. Ba4 Re6 28. Rd5 Rxd5 29. exd5 Rf6 30. Rc7 Bf5 {Sahakyan,A (2405)-Citak,S (2328) Abu Dhabi 2025 1-0 (46)}) ({RR} 16. Rd6 Nb6 17. Bb3 Bb7 18. Rhd1 c5 19. Ne5 c4 20. Bc2 Rac8 21. e4 Rc5 22. Nd7 Nxd7 23. Rxd7 Bc8 24. Rxa7 Kg7 25. Rd4 e5 26. Rd6 Re8 27. Ba4 Re6 28. Rd5 Rxd5 29. exd5 Rf6 30. Rc7 Bf5 {Sahakyan,A (2405)-Citak,S (2328) Abu Dhabi UAE 2025 1-0 (46)}) 16... c5 17. Bb5 Nf6 18. Ne5 Bb7 19. f3 Rfc8 20. c4 Rc7 21. Rd6 Kf8 22. Rhd1 Rac8 23. g4 g5 24. hxg5 hxg5 25. f4 Kg7 26. Kb2 gxf4 27. exf4 Ne4 28. Rd7 Nf6 29. Rxc7 Rxc7 30. Rd8 Ne4 31. Be8 f6 32. Nd3 Ba6 33. Bb5 Bxb5 34. cxb5 Rb7 35. a4 a6 36. Ra8 axb5 37. a5 Rd7 38. Kc2 c4 39. Nb4 Rd2+ 40. Kc1 c3 41. Rc8 Rb2 42. a6 Rxb4 43. a7 Ra4 44. a8=Q Rxa8 45. Rxa8 Nf2 46. g5 1/2-1/2

[Event "Titled Tue 7th Nov Early"]
[Site "chess.com INT"]
[Date "2023.11.07"]
[Round "5"]
[White "Duda, J."]
[Black "Sethuraman, S."]
[Result "1-0"]
[WhiteElo "2731"]
[BlackElo "2603"]
[PlyCount "91"]
[EventDate "2023.11.07"]

1. d4 d5 2. c4 e6 3. Nf3 Nf6 4. g3 Bb4+ 5. Bd2 Be7 6. Bg2 O-O 7. O-O Nbd7 8. Qc2 c6 9. Rd1 a5 10. Bf4 a4 11. a3 ({RR} 11. Ne5 h6 12. Nc3 a3 13. b3 g5 14. Nxd7 Nxd7 15. Bd2 f5 16. e3 Rf7 17. Rab1 h5 18. Ne2 Rh7 19. Be1 Nf6 20. b4 b5 21. cxb5 cxb5 22. Rdc1 Bd6 23. Rb3 Rc7 24. Qd1 Rc4 25. Qd3 Qc7 {Niemann,H (2711)-Giri,A (2746) Utrecht NED 2024 0-1 (37)}) 11... Qa5 $146 ({RR} 11... Ne4) ({RR} 11... Ne4 12. h4 h6 13. Nc3 Nxc3 14. Qxc3 Nb6 15. Ne5 g5 16. Bd2 Kg7 17. h5 Bd7 18. c5 Nc8 19. e4 Be8 20. exd5 cxd5 21. Re1 Na7 22. Bh3 b6 23. cxb6 Qxb6 24. Qd3 Qb5 25. Qe3 Qb3 26. Nd3 {Poliakova,V (2108)-Velikic,A (2277) Batumi GEO 2026 1-0 (40)}) ({RR} 11... h6 12. h4 Qa5 13. Nc3 dxc4 14. e4 b5 15. d5 cxd5 16. exd5 Bb7 17. dxe6 fxe6 18. Nd4 Bxg2 19. Kxg2 Qb6 20. Ndxb5 Nc5 21. Qg6 Nd3 22. Rxd3 cxd3 23. Bxh6 Rf7 24. Rd1 Nd5 25. Nxd5 Qxf2+ 26. Kh3 {Duda,J (2729)-Parpiev,I (2355) chess.com INT 2025 1-0 (47)}) 12. h3 Qa6 13. Nbd2 Nh5 14. Bc7 f5 15. Ne5 Nhf6 16. Nd3 Ne4 17. Rac1 Ndf6 18. Be5 Nd7 19. Bf4 Nxd2 20. Bxd2 Nb6 21. cxd5 exd5 22. Bb4 Bxb4 23. Nxb4 Qa7 24. e3 Qb8 25. Qc5 Nd7 26. Qe7 Nf6 27. Qe5 Qxe5 28. dxe5 Ne4 29. h4 Re8 30. Nd3 Ra5 31. Kh2 c5 32. f3 c4 33. fxe4 cxd3 34. exd5 Bd7 35. e6 Bb5 36. Rc7 Ra6 37. Rxb7 Bc4 38. Rc7 Bb5 39. Rb7 Bc4 40. Rb4 Bb3 41. Rxd3 Rd6 42. Rbd4 Rc8 43. Rc3 Rdd8 44. e7 Re8 45. Rxc8 Rxc8 46. d6 1-0

[Event "Elista FIDE GP"]
[Site "Elista"]
[Date "2008.12.21"]
[Round "7"]
[White "Wang, Yue"]
[Black "Akopian, Vladimir Eduardovic"]
[Result "1/2-1/2"]
[WhiteElo "2736"]
[BlackElo "2679"]
[PlyCount "91"]
[EventDate "2008.12.14"]
[EventType "tourn"]
[EventRounds "13"]
[EventCountry "RUS"]
[EventCategory "19"]
[SourceTitle "CBM 128"]
[Source "ChessBase"]
[SourceDate "2009.01.28"]
[SourceVersion "1"]
[SourceVersionDate "2009.01.28"]
[SourceQuality "1"]

1. d4 d5 2. c4 c6 3. Nf3 Nf6 4. e3 e6 5. Bd3 dxc4 6. Bxc4 Nbd7 7. O-O Bd6 8. Re1 O-O 9. e4 e5 10. Bg5 Qc7 ({RR} 10... Re8 11. Qb3 Qe7 12. Nbd2 b5 13. Bf1 a6 14. a4 Bb7 15. Rad1 Rad8 16. Bh4 Qf8 17. Bg3 Bb8 18. dxe5 Nxe5 19. Bxe5 Bxe5 20. Nxe5 Rxe5 21. Qg3 Rde8 22. Bd3 Qb4 23. Nf3 R5e7 24. e5 Nh5 25. Qg5 {Tomashevsky,E (2709)-Inarkiev,E (2680) Ekaterinburg 2013 0-1 (39)}) 11. h3 exd4 12. Bxf6 gxf6 13. Qxd4 $146 ({RR} 13. Nxd4 Ne5 14. Bf1 Rd8 15. Qb3 Qb6 16. Qxb6 axb6 17. Nc3 b5 18. Nf5 Bc5 19. Rac1 Bb6 20. Ne7+ Kg7 21. Nxc8 Raxc8 22. a3 Rd2 23. Re2 Rcd8 24. Rc2 R2d6 25. Re1 h5 26. Be2 Rd2 27. Rec1 h4 {Khruschiov,A (2499)-Sargissian,G (2642) Dresden 2008 0-1 (48)}) ({RR} 13. Nxd4 Ne5 14. Bf1 Rd8 15. Qb3 Qb6 16. Qxb6 axb6 17. Nc3 b5 18. Red1 b4 19. Nce2 Bc5 20. b3 Bb6 21. f4 Ng6 22. g3 h5 23. Kg2 Bd7 24. f5 Ne7 25. Nf4 c5 26. Nf3 Bc6 27. Rxd8+ Rxd8 {Book,E-Ekstrom,F Helsinki 1946 0-1 (39)}) 13... Ne5 14. Nbd2 Rd8 15. Qc3 a5 16. Nxe5 Bxe5 17. Qc2 b5 18. Bf1 a4 19. Nf3 a3 20. Nxe5 axb2 21. Rad1 Rxd1 22. Rxd1 Qxe5 23. Qxc6 Rb8 24. Rd8+ Kg7 25. Qc2 Bb7 26. Rd2 Bxe4 27. Qxb2 b4 28. Qxe5 fxe5 29. Bc4 Bc6 30. f3 e4 31. fxe4 Bxe4 32. Bb3 Rb7 33. Rd6 Ra7 34. Kf2 Bb1 35. Rd2 Bf5 36. Ke3 Kf6 37. Kf4 Be6 38. Rd6 Rb7 39. h4 Rb5 40. g4 h6 41. Rc6 Kg7 42. Rc7 Rb6 43. Rc5 Rd6 44. Bxe6 Rxe6 45. Rb5 Ra6 46. Rxb4 1/2-1/2

[Event "Titled Tue 14th Nov Late"]
[Site "chess.com INT"]
[Date "2023.11.14"]
[Round "10"]
[White "Andreikin, D."]
[Black "Maghsoodloo, Parham"]
[Result "0-1"]
[WhiteElo "2729"]
[BlackElo "2732"]
[PlyCount "88"]
[EventDate "2023.11.14"]

1. d4 Nf6 2. c4 e6 3. Nf3 d5 4. Bg5 h6 5. Bxf6 Qxf6 6. e3 Nd7 7. Nc3 c6 8. Qc2 g6 9. Be2 Bg7 10. O-O O-O 11. Rfd1 ({RR} 11. cxd5 exd5 12. b4 Nb6 13. a4 a5 14. Qb3 Qd8 15. bxa5 Rxa5 16. Rab1 Nd7 17. e4 dxe4 18. Nxe4 Nf6 19. Nc5 Nd5 20. Nxb7 Bxb7 21. Qxb7 Nc3 22. Rb2 Nxe2+ 23. Rxe2 Qa8 24. Qxa8 Rfxa8 25. Rc2 Rxa4 {Stefansson,H (2408)-Sokolovsky,Y (2539) Batumi GEO 2025 ½-½ (33)}) 11... Qe7 12. Rac1 dxc4 13. Bxc4 a5 $146 ({RR} 13... b5 14. Bb3 Bb7 15. Ne4 Rfd8 16. Qe2 e5 17. dxe5 Nxe5 18. Nxe5 Bxe5 19. Nc5 Rxd1+ 20. Qxd1 Bc8 21. Nd3 Bg7 22. Nf4 Bf5 23. Rxc6 Rd8 24. Qc1 a5 25. Nd5 Qe5 26. f4 Qe4 27. Nf6+ Bxf6 28. Rxf6 {Gharibyan,M (2433)-Mikaelyan,A (2483) Jermuk 2020 0-1 (41)}) 14. h4 a4 15. a3 Ra5 16. Ba2 Nb6 17. Ne4 Rd8 18. Qc3 Rb5 19. Nc5 e5 20. h5 g5 21. Qc2 Bg4 22. Qe4 Bxh5 23. g4 Rxb2 24. gxh5 Rxa2 25. Qb1 g4 26. Nxe5 Rxa3 27. Qxb6 g3 28. Qxb7 gxf2+ 29. Kf1 Qf6 30. Qxc6 Qg5 31. Qg2 Qxh5 32. Ne4 Qf5 33. Rc7 Rf8 34. Nd7 Rxe3 35. Nxf8 Rxe4 36. Nd7 Rg4 37. Qa8+ Kh7 38. Nf8+ Bxf8 39. Qxf8 Rg1+ 40. Ke2 Qe4+ 41. Kd2 Rxd1+ 42. Kc3 Qxd4+ 43. Kc2 Rd2+ 44. Kb1 f1=Q+ 0-1

[Event "Titled Tue 30th Jan Early"]
[Site "chess.com INT"]
[Date "2024.01.30"]
[Round "9"]
[White "Andreikin, D."]
[Black "Svane, R."]
[Result "1-0"]
[WhiteElo "2729"]
[BlackElo "2637"]
[PlyCount "87"]
[EventDate "2024.01.30"]

1. Nf3 d5 2. d4 Nf6 3. c4 e6 4. Bg5 dxc4 5. e4 c5 6. Nc3 cxd4 7. Qxd4 Qxd4 8. Nxd4 a6 9. Bxc4 Bc5 ({RR} 9... Bb4 10. f3 Bd7 11. Rc1 Nc6 12. Nb3 Ne5 13. Be2 Bb5 14. a3 Bxe2 15. Kxe2 Be7 16. Na4 b5 17. Nb6 Rd8 18. Nc8 Bf8 19. Na5 h6 20. Be3 Nd3 21. Rc7 Nxb2 22. Nb6 Bd6 23. Ra7 Na4 24. Nc6 {Andreikin,D (2710)-Ter Sahakyan,S (2613) chess.com INT 2026 1-0}) 10. Nb3 Bb4 $146 ({RR} 10... Ba7 11. f3 Nbd7 12. Be2 O-O 13. Bh4 Ne5 14. Bf2 Bxf2+ 15. Kxf2 Bd7 16. f4 Ng6 17. e5 Nd5 18. Nxd5 exd5 19. g3 Ne7 20. Rac1 Rfc8 21. Nd4 Rxc1 22. Rxc1 Rc8 23. Rxc8+ Bxc8 24. b4 Kf8 25. a4 {Yermolinsky,A (2388)-Sahin,T (2113) Mersin TUR 2025 1-0 (47)}) 11. f3 Nc6 12. Rc1 Bd7 13. a3 Na5 14. Nxa5 Bxa5 15. Kf2 Bc6 16. Rhd1 O-O 17. Be3 Rfd8 18. b4 Bc7 19. a4 Be5 20. Rxd8+ Rxd8 21. b5 axb5 22. axb5 Be8 23. Be2 Rc8 24. Na4 Rxc1 25. Bxc1 Bd6 26. Be3 Bd7 27. h4 Kf8 28. Nc5 Bc8 29. g4 Nd7 30. Na4 f6 31. f4 Ke7 32. g5 Nf8 33. Nb6 Bd7 34. h5 fxg5 35. fxg5 Be8 36. Nc8+ Kd7 37. Nxd6 Kxd6 38. Bc1 Nd7 39. Ke3 e5 40. Ba3+ Nc5 41. h6 gxh6 42. gxh6 Bg6 43. Bg4 b6 44. Bf5 1-0

[Event "Titled Tue 10th Dec Early"]
[Site "chess.com INT"]
[Date "2024.12.10"]
[Round "5"]
[White "Theodorou, Nikolas"]
[Black "Grandelius, N."]
[Result "1/2-1/2"]
[WhiteElo "2600"]
[BlackElo "2641"]
[PlyCount "87"]
[EventDate "2024.12.10"]

1. d4 d5 2. c4 e6 3. Nf3 a6 4. e3 Nf6 5. Nc3 b6 6. b3 ({RR} 6. cxd5 exd5 7. Bd3 Bd6 8. e4 dxe4 9. Nxe4 Bb7 10. Nxd6+ Qxd6 11. Qe2+ Qe6 12. Qxe6+ fxe6 13. Bf4 Bxf3 14. gxf3 Nd5 15. Be5 O-O 16. Rg1 g6 17. Rc1 Nd7 18. Bg3 Rxf3 19. Be4 Rf7 20. Bxd5 exd5 {Aronian,L (2782)-Mamedyarov,S (2762) chess24.com INT 2021 1-0 (78)}) 6... Bb7 7. Bb2 Bd6 ({RR} 7... Nbd7 8. Bd3 Bb4 9. O-O O-O 10. Qc2 Qe7 11. a3 Bd6 12. e4 dxc4 13. bxc4 e5 14. d5 Nc5 15. Nd1 Bc8 16. Ne3 Bd7 17. g3 b5 18. Nh4 g6 19. Rfc1 Rfb8 20. cxb5 axb5 21. Nhg2 Ra4 22. f3 {Pribelszky,B (2403)-Szpar,M (2499) chess.com INT 2026 0-1 (55)}) 8. Rc1 O-O $146 ({RR} 8... Nbd7 9. Bd3 O-O 10. cxd5 exd5 11. O-O Qe7 12. Ne2 Ne4 13. Ng3 f5 14. Ne2 Rf7 15. Bb1 g5 16. Ne1 Raf8 17. Nd3 Qe6 18. f4 Rg7 19. Ne5 Ndf6 20. Bd3 Ng4 21. Rf3 Qh6 22. Rh3 Qf6 23. Rf3 {Ashraf,A (2399)-Arabidze,M (2457) chess.com INT 2024 1-0 (62)}) 9. Bd3 dxc4 10. bxc4 c5 11. d5 exd5 12. Nxd5 Bxd5 13. cxd5 b5 14. Ng5 Nbd7 15. Bb1 c4 16. Qc2 g6 17. h4 Be5 18. h5 Qe7 19. Nxh7 Qb4+ 20. Kf1 Qxb2 21. Nxf8 Qxc2 22. Bxc2 Nxf8 23. hxg6 fxg6 24. Rd1 Rd8 25. e4 g5 26. g3 N8d7 27. Ke2 g4 28. Ke3 Nc5 29. Rdf1 b4 30. f4 gxf3 31. Rxf3 b3 32. axb3 cxb3 33. Bb1 Rf8 34. Ke2 Nfxe4 35. Bxe4 Nxe4 36. Rxb3 Nxg3+ 37. Rxg3+ Bxg3 38. Rg1 Kf7 39. Rxg3 Ke7 40. Rg6 Rf5 41. Rxa6 Rxd5 42. Ra3 Re5+ 43. Re3 Rxe3+ 44. Kxe3 1/2-1/2

[Event "Chessable Masters Div 2 L"]
[Site "chess.com INT"]
[Date "2024.02.04"]
[Round "3.1"]
[White "Giri, A."]
[Black "Mamedov, Rau"]
[Result "1-0"]
[WhiteElo "2762"]
[BlackElo "2651"]
[PlyCount "88"]
[EventDate "2024.02.03"]
[EventType "k.o."]

1. d4 d5 2. c4 e6 3. Nf3 c5 4. cxd5 exd5 5. Bg5 f6 ({RR} 5... Qb6 6. Nc3 cxd4 7. Nxd4 Qxb2 8. Ndb5 Bb4 9. Bd2 Bxc3 10. Nxc3 Nf6 11. Rb1 Qa3 12. Nb5 Qe7 13. Bb4 Qd7 14. Nd6+ Kd8 15. e3 Nc6 16. Bb5 Ne8 17. Qxd5 Nxb4 18. Qg5+ Qe7 19. Nxf7+ Kc7 20. Qxe7+ {Lai,D (2131)-Pribelszky,B (2375) chess.com INT 2026 1-0}) 6. Bd2 Nc6 7. e3 Bg4 ({RR} 7... f5 8. Bb5 Nf6 9. O-O Bd7 10. Nc3 Bd6 11. dxc5 Bxc5 12. Rc1 Bd6 13. Qb3 Ne7 14. Bxd7+ Qxd7 15. Nb5 Bb8 16. Bc3 O-O 17. Rfd1 Ne4 18. Be5 a6 19. Nc7 Bxc7 20. Rxc7 Qe6 21. Qxb7 Rae8 22. Qb3 {Iturrizaga Bonelli,E (2591)-Mamedov,R (2651) chess.com INT 2024 1-0 (32)}) 8. Be2 $146 ({RR} 8. Bc3 Rb8 9. a4 c4 10. Be2 f5 11. b3 cxb3 12. Qxb3 Nf6 13. h3 Bh5 14. O-O Bd6 15. Nbd2 O-O 16. Bd3 Ne4 17. Nxe4 Bxf3 18. Qb4 Nxb4 19. Nxd6 Qxd6 {0-1 (19) Federer,C (1638)-Jelicic,H Tornelo INT 2020}) 8... Bd6 9. Nc3 Nge7 10. Nb5 Bxf3 11. Bxf3 cxd4 12. exd4 Bb8 13. O-O O-O 14. Be3 Qd7 15. Rc1 a6 16. Nc3 Ba7 17. Na4 Nf5 18. Nc5 Qf7 19. Qd3 Nh4 20. Bd1 f5 21. Bf4 Ng6 22. Bd2 Rfe8 23. Bb3 Kh8 24. Rfe1 f4 25. Rxe8+ Rxe8 26. Ba4 Rf8 27. Bxc6 bxc6 28. Nxa6 Qb7 29. Nb4 f3 30. g3 Rf6 31. a3 Qd7 32. Bg5 Rf8 33. Nxc6 Bb6 34. b4 h6 35. Bd2 Rf6 36. b5 Bc7 37. Re1 h5 38. Bg5 Rf5 39. Ne7 Rxg5 40. Nxg6+ Kg8 41. Ne7+ Kh8 42. Qxf3 Kh7 43. h4 Rg4 44. Qf7 Kh6 1-0